000 00874nam a2200265 a 4500
001 000010581
003 DO-SdBNP
005 20220405132223.0
008 091008s1998 dr 000 e spa d
040 _aDO-SdBNP
_bspa
_cBPMSU
082 _aRD861.44
_bN124A 1998
_222
100 1 _aNacidit-Perdomo, Ylonka,
_d1965-
245 1 0 _aAltagracia Saviñón o la discontinuidad del instante /
_cYlonka Nacidit-Perdomo.
260 _aSanto Domingo :
_bCentro de Solidaridad para el Desarrollo de la Mujer,
_c1998.
300 _a58 p. ;
_c18 cm.
490 0 _aVentana
500 _aIncluye referencias bibliográficas y notas al pie de las páginas.
504 _aBibliografía: p. 55-58
590 _aInventariado, 2022
650 4 _aEnsayos dominicanos
650 4 _aLiteratura dominicana.
650 4 _aPoesía dominicana
910 _aVMateo V.
942 _2ddc
_cBK
999 _c14143
_d14143